A carregar...

The Kuwait fund and the political economy of Arab regional development

Detalhes bibliográficos
Autor principal: Demir,Soliman
Formato: Printed Book
Idioma:English
Publicado em: New York Praeger 1976
Colecção:Praeger special studies in international economics and development
Assuntos:
LEADER 00695nam a22001817a 4500
005 20160820112553.0
008 091015t xxu||||| |||| 00| 0 eng d
082 |a 330.101(=927)  |b DEM 
100 |a Demir,Soliman  |9 4423 
245 |a The Kuwait fund and the political economy of Arab regional development  
300 |a xvi,138p. 
490 |a Praeger special studies in international economics and development 
653 |a Kuwait  |a political economy  |a regional development 
942 |c BK  |6 _ 
260 |a New York  |b Praeger   |c 1976 
020 |a 0275229807 
999 |c 172084  |d 172084 
952 |0 0  |1 0  |2 ddc  |4 0  |6 330101927_DEM  |7 0  |9 223502  |a DAE  |b DAE  |d 2009-10-15  |o 330.101(=927) DEM  |p ECO01938  |r 2016-08-20  |w 2016-08-20  |y BK